[Event "IND-chT 41st"]
[Site "Jalgaon"]
[Date "2022.04.12"]
[Round "7.2"]
[White "Laxman, Rajaram"]
[Black "Jashanpreet, Singh"]
[Result "1-0"]
[WhiteElo "2418"]
[BlackElo "1722"]
[PlyCount "67"]
[EventDate "2022.04.08"]
[EventType "team-swiss"]
[EventRounds "9"]
[EventCountry "IND"]
[SourceTitle "CBM 208 Extra"]
[Source "ChessBase"]
[SourceDate "2022.07.31"]
[SourceVersion "1"]
[SourceVersionDate "2022.07.31"]
[SourceQuality "1"]
[WhiteTeam "RSPB II"]
[BlackTeam "Services Sports"]
[WhiteTeamCountry "IND"]
[BlackTeamCountry "IND"]

1. d4 Nf6 2. Nf3 g6 3. c4 Bg7 4. Nc3 0-0 5. Bg5 d6 6. e3 c5 7. Be2 Nc6 8. d5 Ne5 9. Nxe5 dxe5 10. e4 Ne8 11. 0-0 f5 12. f3 Nd6 13. Bd3 f4 14. Bh4 b6 15. a3 g5 16. Bf2 Rf6 17. b4 Rg6 18. Kh1 g4 19. fxg4 Bxg4 20. Be2 Qd7 21. Bxg4 Rxg4 22. bxc5 bxc5 23. Bxc5 Nxc4 24. d6 Qe6 25. dxe7 Rc8 26. Nd5 Kf7 27. Bf2 Nd6 28. Qf3 Bf6 29. Rac1 Bxe7 30. Bc5 Rgg8 31. g3 Qg4 32. Qxg4 Rxg4 33. Nxe7 Nxe4 34. Nxc8 1-0

[Event "IND-chT 41st"]
[Site "Jalgaon"]
[Date "2022.04.11"]
[Round "6.2"]
[White "Visakh, Narayanan Rajeswari"]
[Black "Jashanpreet, Singh"]
[Result "1-0"]
[WhiteElo "2514"]
[BlackElo "1722"]
[PlyCount "67"]
[EventDate "2022.04.08"]
[EventType "team-swiss"]
[EventRounds "9"]
[EventCountry "IND"]
[SourceTitle "CBM 208 Extra"]
[Source "ChessBase"]
[SourceDate "2022.07.31"]
[SourceVersion "1"]
[SourceVersionDate "2022.07.31"]
[SourceQuality "1"]
[WhiteTeam "RSPB"]
[BlackTeam "Services Sports"]
[WhiteTeamCountry "IND"]
[BlackTeamCountry "IND"]

1. d4 Nf6 2. c4 c5 3. d5 e5 4. Nc3 d6 5. e4 Be7 6. Bd3 0-0 7. Nge2 Ne8 8. 0-0 f5 9. exf5 Bxf5 10. Bxf5 Rxf5 11. f4 Nd7 12. Ng3 Rf8 13. Nge4 Bf6 14. f5 Be7 15. Qd3 Nc7 16. Qg3 Kh8 17. Bg5 Nf6 18. Be3 Nxe4 19. Nxe4 Qd7 20. Bg5 Bf6 21. Rf3 Ne8 22. Qh4 b5 23. b3 bxc4 24. bxc4 Rb8 25. Raf1 Bxg5 26. Nxg5 Nf6 27. Ne6 Rf7 28. g4 Rb4 29. g5 e4 30. Rg3 Rxc4 31. gxf6 gxf6 32. Kh1 Rb4 33. Rfg1 Rb8 34. Qh6 1-0